00580nam a22002177a 450000500170000001000130001702000210003003500130005103700160006404000120008008200130009210000180010524500590012324600060018226000370018827000510022530000200027650000190029665000200031565000270033520170124110000.0 aA-381993 c00.00a812120286 aA-381993 bCen Lib/Ret aDPLbEN a352bMAN aManikyamra P. aWomen in panchayati raj structures /cby P. Manikyamra b  bGian publishing houseaNew Delhi bNew Delhia4-C, Ansari road, daryaganje110017 a142p.c20cm(Hb) aIncludes index aPanchayati raj  aPanchayati raj--women